000 00682nam a2200229Ia 4500
003 OSt
005 20220925231630.0
006 a|||||r|||| 00| 0
007 ta
008 220923b |||||||| |||| 00| 0 eng d
037 _cGeneral Book
040 _aRTL
_cRTL
_beng
041 _2eng
_aeng
082 _aX:(G:55), N5
100 _aJohansson Per-Olov et al Ed.
_9295826
245 0 _aCurrent issues in environmental economics
260 _aManchester
_bManchester University Press
_c1995
300 _avii, 199p.
_ccm.
650 _aEnvironmental Economics
942 _hX:(G:55), N5
_cGB
_2CC
999 _c589017
_d589017